000
00354nam a2200133Ia 4500
003
GCL
008
140319s9999 xx 000 0 ara d
040
_a
GCL /
_c
GCL
082
0
4
_a
346.03
_b
ع ج
245
1
0
_a
جنح وجنايات الجرح والضرب
260
_a
[S.N] :
_b
المكتبة القانونية ،
_c
1993
300
_a
423 ص
490
_a
999
_c
55568
_d
55568